ՀՀ Գիտությունների ազգային ակադեմիայի հիմնարար գիտական գրադարան  =   Fundamental Scientific Library of NAS RA

Քո գրքույկը / : (Record no. 101416)

MARC details
000 -LEADER
fixed length control field 01004nam a2200241 u 4500
001 - CONTROL NUMBER
control field 000277884
003 - CONTROL NUMBER IDENTIFIER
control field AM-YeHGA
005 - DATE AND TIME OF LATEST TRANSACTION
control field 20250618071826.0
008 - FIXED-LENGTH DATA ELEMENTS--GENERAL INFORMATION
fixed length control field 031030s1962 ai r 000 0 arm d
040 ## - CATALOGING SOURCE
Original cataloging agency AM-YeHGA
041 1# - LANGUAGE CODE
Language code of text/sound track or separate title arm
Language code of original ukr
080 ## - UNIVERSAL DECIMAL CLASSIFICATION NUMBER
Universal Decimal Classification number C(ուկր)
090 ## - LOCALLY ASSIGNED LC-TYPE CALL NUMBER (OCLC); LOCAL CALL NUMBER (RLIN)
Classification number (OCLC) (R) ; Classification number, CALL (RLIN) (NR) Վ-86
090 ## - LOCALLY ASSIGNED LC-TYPE CALL NUMBER (OCLC); LOCAL CALL NUMBER (RLIN)
-- 102734
100 1# - MAIN ENTRY--PERSONAL NAME
Personal name Վորոնկո, Պլատոն
245 10 - TITLE STATEMENT
Title Քո գրքույկը / :
Remainder of title Բանաստեղծություններ /
Statement of responsibility, etc. Պ. Վորոնկո; Փոխադր.՝ Երջ. Առաքելյան; Խմբ.՝ Էդ. Ավագյան; Նկ.՝ Ն. Ցեյտլին.
260 ## - PUBLICATION, DISTRIBUTION, ETC.
Place of publication, distribution, etc. Երևան :
Name of publisher, distributor, etc. Հայպետհրատ,
Date of publication, distribution, etc. 1962.
300 ## - PHYSICAL DESCRIPTION
Extent 28 էջ :
Other physical details նկ. ;
Dimensions 20 սմ.
650 14 - SUBJECT ADDED ENTRY--TOPICAL TERM
Topical term or geographic name entry element Ուկրաինական մանկական գրականություն
General subdivision Հեքիաթ
700 1# - ADDED ENTRY--PERSONAL NAME
Personal name Առաքելյան, Երջանիկ Գեղամի,
Dates associated with a name 1918-1981
Relator term փոխադր.
Relationship trl
9 (RLIN) 1982
700 1# - ADDED ENTRY--PERSONAL NAME
Personal name Ավագյան, Էդուարդ Սամվելի,
Dates associated with a name 1927-2010
Relator term խմբ.
Relationship edt
9 (RLIN) 1279
700 1# - ADDED ENTRY--PERSONAL NAME
Personal name Ցեյտլին, Ն.
Relator term նկ.
Relationship art
Holdings
Withdrawn status Lost status Damaged status Not for loan Collection Home library Current library Date acquired Total checkouts Full call number Barcode Date last seen Cost, replacement price Price effective from Koha item type Public note
        General Fundamental Scientific Library Fundamental Scientific Library 22/12/2016   AII/17408 FL0009414 22/12/2016 6.00 22/12/2016 Գրքեր / Books 30 Days Loan
        General Fundamental Scientific Library Fundamental Scientific Library 22/12/2016   AII/17409 FL0009415 22/12/2016 6.00 22/12/2016 Գրքեր / Books 30 Days Loan


ՀՀ ԳԱԱ հիմնարար գիտական գրադարան
ՀՀ,Երևան 0019
Մարշալ Բաղրամյան 24/6
հեռախոս:(374-10) 52-47-50
Հետադարձ կապ

All site content, except where otherwise noted, is licensed under a
Creative Commons License